Mots se finissant par A - Asie - Statistiques

Statistiques générales
  • Ce quiz a été pris 40 fois
  • Le résultat moyen est 7 sur 16
Statistiques - réponses
Hint Réponse % Correct
Capitale de la Turquie. Ankara
95%
Capitale du Qatar. Doha
85%
Animal, pouvant être géant, gros mangeur de bambous parfois utilisé à des fins diplomatiques. Panda
85%
Capitale du Kazakhstan. Astana
69%
Capitale du Yémen. Sanaa
69%
Capitale du Bahreïn. Manama
62%
Plus haute tour du monde située à Dubaï. Burj Khalifa
59%
Île indonésienne qui fait partie des Grandes îles de la Sonde. Sixième plus grande île du monde. Sumatra
54%
Détroit situé entre la Malaise et l'Indonésie. Il voit passer 90% de ses importations en hydrocarbures de la Chine. Malacca
49%
Plus vaste continuité boisée de la planète qui occuperait 10% de la surface des terres émergées. Taïga
38%
Golfe situé à l'extrémité de la mer Rouge. A pour autre nom "golfe d'Eilat". Aqaba
15%
Chef religieux présent notamment en Arabie Saoudite. Est parfois aussi appelé "hodjatoleslam". Ouléma
13%
Gâteau japonais composé de sucre, farine, œufs, et sirop de malt. Introduit par les missionnaires portugais. Kasutera
5%
Sauce taïwanaise parfois appelée sauce sate. Elle est préparée à partir d'huile de soja, d'ail, d'échalotes, de piments, de barbue et de crevettes séchées. Shacha
5%
Coalition de 22 cités-États du nord-ouest de l'Anatolie. Elle s'opposa à l'Empire hittite. Assuwa
3%
Police de la moralité présente notamment en Iran et en Malaisie. Muttawa
0%
Aucun quiz correspondant
Distribution des résultats
% des personnes avec chaque résultat
Percentile par nombre de réponses
Votre historique - résultats
Vous n’avez pas pris ce quiz